Statements of asset valuation practice and guidance notes

Bibliographic Details
Corporate Author: The Assets Valuation Standards Committee
Format: Book
Language:English
Published: London : The Royal Institution of Chartered Surveyors 1990
Subjects:

MARC

LEADER 00000cam a2200000 7i4500
001 0000000741
005 20240919.0
008 240812 enk eng
020 |a 0854064710 
040 |a INS   |b eng   |e rda 
090 0 0 |a RHF5681.V3   |b .S797 1990 
245 1 0 |a Statements of asset valuation practice and guidance notes   |c prepared by The Assets Valuation Standards Committee 
264 1 |a London :   |b The Royal Institution of Chartered Surveyors   |c 1990 
300 |a 1 v. (various pagings) ;   |c 23 cm. 
336 |a text  |2 rdacontent 
337 |a unmediated  |2 rdamedia 
338 |a volume  |2 rdacarrier 
650 0 |a Corporations   |x Valuation 
710 2 |a The Assets Valuation Standards Committee 
999 |a 0000004531   |b BOOK   |c Reference   |e Default branch 
999 |a 0000004532   |b BOOK   |c Reference   |e Default branch